Statistiques concernant La réponse est une chaussure

Cliquez ici pour prendre le quiz!

Statistiques générales

  • Ce quiz a été pris 157 fois
  • Le résultat moyen est 9 sur 16

Statistiques - réponses

IndiceRéponse% Correct
Pâtisserie souvent fourrée aux pommesChausson
96%
Sport de raquette se jouant sur terre battueTennis
93%
Sport dans lequel excellait Tony ParkerBasket
87%
Danseuse de balletBallerine
72%
Equidé, croisement d'un âne et d'une jumentMule
69%
Corne du pied d'un équidéSabot
69%
Fidèle compagnon de Dora l'exploratriceBabouche
63%
Célèbre cardinal, ministre de Louis XIIIRichelieu
62%
Match opposant deux équipes de la même régionDerby
60%
Citoyen d'une cité antique, réputés pour leur éducation austère et leur férocité au combatSpartiate
53%
Habitante du 16Charentaise
33%
Ce qui reste d'un jeu de cartes après la distributionTalon
32%
Planchette utilisée au cinéma, servant à coordoner le son et l'image au début d'une priseClaquette
26%
Garde dans un parc national ou une réserveRanger
26%
Coup porté sur l'adversaire, notamment en escrimeBotte
21%
Serpent semi-aquatique d'Amérique du NordMocassin
13%

Distribution des résultats

Percentile par nombre de réponses

% des personnes avec chaque résultat

Votre développement - résultats

Vous n’avez pas pris ce quiz